| 000 | 00828nam a2200253Ia 4500 | ||
|---|---|---|---|
| 003 | GCL | ||
| 008 | 140319s9999 xx 000 0 ara d | ||
| 040 |
_aGCL / _cGCL |
||
| 082 | 0 | 4 |
_a320.01 _bق ع |
| 100 | 1 | _aقبارى محمد اسماعيل | |
| 245 | 1 | 0 |
_aعلم الاجتماع السياسى وقضايا التخلف والتنمية والتحديث / _cقبارى محمد اسماعيل |
| 260 |
_a[S.N] : _bمنشاة المعارف الاسلامية ، _c1980 |
||
| 300 | _a590 | ||
| 490 | _a | ||
| 650 | 0 | 4 | _aفلسفة |
| 650 | 0 | 4 | _aالسياسة |
| 650 | 0 | 4 | _aنظريات |
| 650 | 0 | 4 | _aالتنمية الاقتصادية |
| 650 | 0 | 4 | _aالتخطيط |
| 650 | 0 | 4 | _aالاجتماع |
| 650 | 0 | 4 | _aالاجتماع السياسى |
| 650 | 0 | 4 | _aالتنمية الادارية |
| 942 |
_2ddc _cBK |
||
| 999 |
_c31840 _d31840 |
||